000 00981nas a2200313 4500
001 BR2016001362
003 BR-BrBNA
005 20231205130259.0
007 ta
008 230509b bl.|||p| |||| 00| 00por d
040 _aBR-BrBNA
_bpor
_cBiblioteca Nacional de Agricultura
041 _a(En)
072 _aF02
100 1 _aSingh, R.
100 1 _aArya, S.
100 1 _aArora, K.
100 1 _aChodhurary, M.
100 1 _aArya, I.D.
245 1 _aMicropropagation of Barleria prionitis L. var. dicantha: an ethnomedicinal plant
650 _aPLANTA MEDICINAL
650 _aPROPAGACAO VEGETATIVA
650 _aCULTURA IN VITRO
650 _aENRAIZAMENTO
650 _aANALISE
773 0 _tAdvances in Forestry Science (Brazil)
_xISSN 2357-8181
_g(Oct-Dec 2015), v. 2(4) p. 73-78
_wBR2016001362
856 4 0 _uhttp://www.periodicoscientificos.ufmt.br/index.php/afor/article/view/2651/pdf
909 _a202311
_bLúcia
_c55
_dLúcia Elande
942 _2AGRIS
_n0
_cANA
999 _c248623
_d248623